000 00417 a2200157 4500
999 _c8515
_d8515
020 _a9781787199873
050 _aPR6113 MIL 2017
100 _aMillard, Rosie
245 _aThe Brazilian/
_cRosie Millard.
264 _aLondon:
_bLegend press,
_c2017.
300 _a251 p.
500 _anovel
650 _aVacations -- Fiction.
650 _aReality television programs -- Fiction.
942 _2lcc
_cBK
_h6113
_iMIL
_kPR